Organizational design and research (Record no. 52886)

MARC details
000 -LEADER
fixed length control field 00581nam a2200145 a 4500
008 - FIXED-LENGTH DATA ELEMENTS--GENERAL INFORMATION
fixed length control field 120416s1966 ||||||||||||||||| || u
050 ## - LIBRARY OF CONGRESS CALL NUMBER
Classification number HM 131 Tho
100 ## - MAIN ENTRY--PERSONAL NAME
Personal name Thompson, James D
245 10 - TITLE STATEMENT
Title Organizational design and research
Statement of responsibility, etc. edited by J.D. Thompson
246 ## - VARYING FORM OF TITLE
Title proper/short title approaches to organizational design...
260 ## - PUBLICATION, DISTRIBUTION, ETC.
Place of publication, distribution, etc. [Pittisburgh]
Name of publisher, distributor, etc. University of Pittisburgh Press
Date of publication, distribution, etc. [1966]
300 ## - PHYSICAL DESCRIPTION
Extent x, 211p. : ill.
350 ## - PRICE (NR) (BK AM CF MU VM SE) [OBSOLETE]
Price 0.00
995 ## - RECOMMENDATION 995 [LOCAL, UNIMARC FRANCE]
-- 0.00
-- CBU-MAIN LIBRARY (Kitwe)
-- 1
-- 0.00
-- AVAILABLE
-- Annex Low-Usage Collection
Holdings
Withdrawn status Lost status Source of classification or shelving scheme Damaged status Not for loan Home library Current library Shelving location Date acquired Total Checkouts Full call number Barcode Date last seen Price effective from Koha item type
          CBU-MAIN LIBRARY, KITWE. CBU-MAIN LIBRARY, KITWE.   11/30/2022   HM 131 Tho 008744 11/30/2022 11/30/2022 MONOGRAPH